| 000 | 00399nam a22001697a 4500 | ||
|---|---|---|---|
| 005 | 20260323115651.0 | ||
| 020 | _a9788199080416 | ||
| 041 | _aEnglish | ||
| 082 | _aT16 R25 RAJ | ||
| 100 | _aRajan P K | ||
| 245 | _aPuratchiyil Porul Varalaattru Maattrangalin Poruliyal Adippadai Vol m2 | ||
| 250 | _a01 | ||
| 260 |
_aChennai _bNCBH _c2025 |
||
| 300 | _a684 | ||
| 365 | _b1200.00 | ||
| 942 | _cBK | ||
| 999 |
_c177051 _d177051 |
||